| 000 | 00794pam a2200277 a 4500 | ||
|---|---|---|---|
| 001 | 515939 | ||
| 003 | NUST - PNEC | ||
| 005 | 20170116181058.0 | ||
| 008 | 860422s1986 enka 001 0 eng | ||
| 010 | _a 86009438 | ||
| 020 | _a0080286828 : | ||
| 020 | _a0080286836 (soft) : | ||
| 040 |
_aDLC _cLIBRARY _dDLC |
||
| 050 | 0 | 0 |
_aT50 _b.A57 1986 |
| 082 | 0 | 0 | _a602.87 ANT |
| 100 | 1 | _aAnthony, D. M. | |
| 245 | 1 | 0 |
_aEngineering metrology / _cD.M. Anthony. |
| 250 | _a1st ed. | ||
| 260 |
_aOxford ; _aNew York : _bPergamon Press, _c1986. |
||
| 300 |
_axiv, 222 p. : _bill. ; _c24 cm. |
||
| 440 | 4 | _aThe Pergamon materials engineering practice series | |
| 500 | _aIncludes index. | ||
| 650 | 0 |
_aMeasurement. _xME |
|
| 906 |
_a7 _bcbc _corignew _d1 _eocip _f19 _gy-gencatlg |
||
| 942 |
_2ddc _cBK |
||
| 999 |
_c68635 _d68635 |
||